Blind Ranking - Random Countries by Population - Statistics

General Stats
  • This quiz has been taken 7,938 times
  • The average score is 4 of 10
Answers on the Map
Answers color-coded by a green-red scale on the quiz's map according to % correct below.
 
Answer Stats
Population Countries % Correct
213,202,000 Brazil
65%
58,084,000 Kenya
56%
117,258,000 Philippines
56%
59,042,000 Italy
55%
47,739,000 Algeria
54%
14,991,000 Benin
54%
23,062,000 Taiwan
54%
1,263,000 Eswatini
53%
1,470,296,000 India
53%
5,067,000 Kuwait
53%
65,108,000 South Africa
53%
52,475,000 Sudan
53%
44,438,000 Afghanistan
52%
5,164,000 Costa Rica
52%
5,285,000 New Zealand
52%
239,968,000 Nigeria
52%
39,682,000 Ukraine
52%
70,296,000 United Kingdom
52%
101,897,000 Vietnam
52%
137,180,000 Ethiopia
51%
531,000 Maldives
51%
29,608,000 Nepal
51%
33,130,000 Madagascar
50%
5,643,000 Norway
50%
220,000 Samoa
50%
71,550,000 Tanzania
50%
52,072,000 Uganda
50%
42,369,000 Yemen
50%
22,215,000 Zambia
50%
27,103,000 Australia
49%
176,757,000 Bangladesh
49%
529,000 Cape Verde
49%
53,688,000 Colombia
49%
51,637,000 South Korea
49%
1,660,000 Bahrain
48%
3,127,000 Bosnia and Herzegovina
48%
92,815,000 Iran
48%
132,480,000 Mexico
48%
39,206,000 Morocco
48%
34,000 San Marino
48%
94,000 Antigua and Barbuda
47%
114,000 Federated States of Micronesia
47%
69,279,000 France
47%
55,022,000 Myanmar
47%
37,915,000 Poland
47%
19,977,000 Somalia
47%
6,126,000 Denmark
46%
1,670,000 Kosovo
46%
2,809,000 Lithuania
46%
36,185,000 Malaysia
46%
28,363,000 Niger
46%
643,000 Suriname
46%
9,825,000 Togo
46%
37,394,000 Uzbekistan
46%
15,271,000 Guinea
45%
9,602,000 Hungary
45%
20,967,000 Kazakhstan
45%
5,591,000 Oman
45%
100,000 Saint Vincent and the Grenadines
45%
351,708,000 United States
45%
3,384,000 Uruguay
45%
799,000 Bhutan
44%
19,905,000 Chile
44%
18,828,000 Guatemala
44%
47,515,000 Iraq
44%
36,129,000 Mozambique
44%
257,236,000 Pakistan
44%
143,560,000 Russia
44%
14,732,000 Rwanda
44%
12,311,000 South Sudan
44%
11,477,000 United Arab Emirates
44%
1,000 Vatican City
44%
45,928,000 Argentina
43%
404,000 Bahamas
43%
12,666,000 Bolivia
43%
1,377,000 Cyprus
43%
10,538,000 Czech Republic
43%
114,629,000 Democratic Republic of the Congo
43%
11,566,000 Dominican Republic
43%
35,382,000 Ghana
43%
286,820,000 Indonesia
43%
5,333,000 Ireland
43%
25,563,000 Mali
43%
18,586,000 Netherlands
43%
34,753,000 Peru
43%
24,338,000 Burkina Faso
42%
119,234,000 Egypt
42%
1,335,000 Estonia
42%
2,274,000 Guinea-Bissau
42%
122,772,000 Japan
42%
9,110,000 Austria
41%
1,427,000 East Timor
41%
400,000 Iceland
41%
11,467,000 Jordan
41%
684,000 Luxembourg
41%
548,000 Malta
41%
4,599,000 Panama
41%
180,000 Saint Lucia
41%
243,000 São Tomé and Príncipe
41%
2,116,000 Slovenia
41%
8,989,000 Switzerland
41%
9,000 Tuvalu
41%
283,000 Barbados
40%
3,645,000 Eritrea
40%
137,000 Kiribati
40%
5,388,000 Mauritania
40%
1,267,000 Mauritius
40%
3,537,000 Mongolia
40%
7,055,000 Paraguay
40%
26,070,000 Syria
40%
10,883,000 Tajikistan
40%
2,761,000 Albania
39%
30,259,000 Cameroon
39%
40,307,000 Canada
39%
3,835,000 Croatia
39%
18,367,000 Ecuador
39%
9,582,000 Israel
39%
5,790,000 Liberia
39%
848,000 Solomon Islands
39%
28,574,000 Venezuela
39%
21,280,000 Chad
38%
5,624,000 Finland
38%
1,843,000 Latvia
38%
628,000 Montenegro
38%
6,561,000 Republic of the Congo
38%
5,456,000 Slovakia
38%
71,593,000 Thailand
38%
104,000 Tonga
38%
2,941,000 Armenia
37%
14,559,000 Burundi
37%
10,915,000 Cuba
37%
1,192,000 Djibouti
37%
83,741,000 Germany
37%
117,000 Grenada
37%
7,924,000 Laos
37%
2,376,000 Lesotho
37%
1,809,000 North Macedonia
37%
18,000 Palau
37%
5,605,000 Central African Republic
36%
1,961,000 Equatorial Guinea
36%
935,000 Fiji
36%
2,620,000 Gabon
36%
11,096,000 Honduras
36%
8,908,000 Sierra Leone
36%
1,513,000 Trinidad and Tobago
36%
39,621,000 Angola
35%
10,427,000 Azerbaijan
35%
11,767,000 Belgium
35%
1,422,576,000 China
35%
66,000 Dominica
35%
2,853,000 Gambia
35%
7,349,000 Kyrgyzstan
35%
3,124,000 Namibia
35%
7,053,000 Nicaragua
35%
47,000 Saint Kitts and Nevis
35%
34,868,000 Saudi Arabia
35%
7,679,000 Turkmenistan
35%
17,111,000 Zimbabwe
35%
8,968,000 Belarus
34%
2,976,000 Moldova
34%
10,404,000 Portugal
34%
19,148,000 Senegal
34%
134,000 Seychelles
34%
47,875,000 Spain
34%
83,000 Andorra
33%
468,000 Brunei
33%
9,919,000 Greece
33%
36,000 Marshall Islands
33%
3,147,000 Qatar
33%
18,855,000 Romania
33%
12,383,000 Tunisia
33%
87,795,000 Turkey
33%
2,583,000 Botswana
32%
891,000 Comoros
32%
3,806,000 Georgia
32%
7,498,000 Libya
32%
40,000 Liechtenstein
32%
38,000 Monaco
32%
10,856,000 Papua New Guinea
32%
5,889,000 Singapore
32%
10,680,000 Sweden
32%
6,379,000 El Salvador
31%
11,972,000 Haiti
31%
33,102,000 Ivory Coast
31%
6,692,000 Bulgaria
30%
426,000 Belize
29%
22,498,000 Malawi
29%
12,000 Nauru
29%
2,836,000 Jamaica
28%
5,873,000 Lebanon
28%
17,951,000 Cambodia
26%
23,290,000 Sri Lanka
26%
838,000 Guyana
24%
26,605,000 North Korea
24%
6,664,000 Serbia
23%
339,000 Vanuatu
12%
No matching quizzes found
Score Distribution
Percent of People with Each Score
Percentile by Number Answered
Your Score History
You have not taken this quiz